000 00866nam a22002537a 4500
082 _a940.541
_bCOM
_cL-30,P-17
245 _aCombined operation 1940-1942/
260 _aLondon:
_bHis majesty's stationery office.
300 _ap144.
_bill.
526 _a0
_b0
_c0
_d940_541000000000000_COM
526 _a0
_b0
_c0
_d940_541000000000000_COM
526 _a0
_b0
_c0
_d940_541000000000000_COM
526 _a0
_b0
_c0
_d940_541000000000000_COM
526 _a0
_b0
_c0
_d940_541000000000000_COM
526 _a0
_b0
_c0
_d940_541000000000000_COM
526 _a0
_b0
_c0
_d940_541000000000000_COM
526 _a0
_b0
_c0
_d940_541000000000000_COM
526 _a0
_b0
_c0
_d940_541000000000000_COM
526 _a0
_b0
_c0
_d940_541000000000000_COM
526 _a0
_b0
_c0
_d940_541000000000000_COM
526 _a0
_b0
_c0
_d940_541000000000000_COM
650 _aMCE
_9379
942 _2ddc
_cBK
999 _c551782
_d551782